[Event "ROM-ch U14"]
[Site "Calimanesti"]
[Date "2015.04.06"]
[Round "9"]
[White "Clipcea, Caius Lucian"]
[Black "Bobocea, Laurentiu Vlad"]
[Result "1/2-1/2"]
[WhiteElo "1544"]
[BlackElo "1675"]
[PlyCount "59"]
[EventDate "2015.03.30"]
[EventType "swiss"]
[EventRounds "9"]
[EventCountry "ROU"]
[SourceTitle "EXT 2016"]
[Source "ChessBase"]
[SourceDate "2015.10.08"]
[SourceVersion "1"]
[SourceVersionDate "2015.10.08"]
[SourceQuality "1"]

1. d4 d5 2. c4 e6 3. Nc3 Nf6 4. Bg5 Nbd7 5. e3 Be7 6. Nf3 0-0 7. Bd3 a6 8. cxd5 exd5 9. 0-0 Re8 10. Qc2 Nf8 11. Rab1 h6 12. Bh4 Be6 13. b4 Ng4 14. Bxe7 Qxe7 15. h3 Nf6 16. Rfc1 Rac8 17. a4 N6d7 18. b5 axb5 19. axb5 Ra8 20. Na4 Rec8 21. Nc5 Nxc5 22. Qxc5 Qd8 23. Ne5 Nd7 24. Nxd7 Qxd7 25. Ra1 Rxa1 26. Rxa1 b6 27. Qc2 Qe7 28. Ra7 Qd6 29. Qc6 Qd8 30. Kf1 1/2-1/2

[Event "ROM-ch U12"]
[Site "Calimanesti"]
[Date "2014.04.12"]
[Round "8"]
[White "Chiscop, Ioan"]
[Black "Clipcea, Caius Lucian"]
[Result "1-0"]
[WhiteElo "1104"]
[BlackElo "1562"]
[PlyCount "67"]
[EventDate "2014.04.06"]
[EventType "swiss"]
[EventRounds "9"]
[EventCountry "ROU"]
[SourceTitle "CBM 160 Extra"]
[Source "ChessBase"]
[SourceDate "2014.07.01"]
[SourceVersion "1"]
[SourceVersionDate "2014.07.01"]
[SourceQuality "1"]

1. d4 f5 2. Nf3 g6 3. Nc3 Nf6 4. e3 Bg7 5. Bd3 0-0 6. 0-0 d6 7. Ne2 Qe8 8. Ng3 e5 9. Bc4+ Be6 10. d5 Bf7 11. Ng5 h6 12. Nxf7 Qxf7 13. Qd3 e4 14. Qb3 b6 15. Bd2 Nfd7 16. Bb4 Ne5 17. Ne2 Nxc4 18. Qxc4 Bxb2 19. Rab1 Bg7 20. Nf4 c5 21. Bc3 Bxc3 22. Qxc3 Qf6 23. Qc4 Rf7 24. Qb5 Nd7 25. Qc6 Re8 26. Rb3 Rfe7 27. f3 exf3 28. Rxf3 Ne5 29. Qa4 Nxf3+ 30. gxf3 Rxe3 31. Ne6 Qa1+ 32. Kg2 Rxb3 33. Qxe8+ Kh7 34. Qf7+ 1-0

[Event "ROM-ch U12"]
[Site "Calimanesti"]
[Date "2014.04.11"]
[Round "7"]
[White "Juravle, Mihnea Marian"]
[Black "Clipcea, Caius Lucian"]
[Result "1-0"]
[WhiteElo "1458"]
[BlackElo "1562"]
[PlyCount "71"]
[EventDate "2014.04.06"]
[EventType "swiss"]
[EventRounds "9"]
[EventCountry "ROU"]
[SourceTitle "CBM 160 Extra"]
[Source "ChessBase"]
[SourceDate "2014.07.01"]
[SourceVersion "1"]
[SourceVersionDate "2014.07.01"]
[SourceQuality "1"]

1. e4 c5 2. c3 d5 3. exd5 Qxd5 4. Nf3 e6 5. d4 Nf6 6. Be3 cxd4 7. Qxd4 Nc6 8. Qd2 Bd6 9. Bg5 Qxd2+ 10. Nbxd2 Nd7 11. Ne4 Bc7 12. Bb5 Ne7 13. 0-0-0 Nd5 14. Nd4 f6 15. Nxe6 Kf7 16. Nxc7 Nxc7 17. Bxd7 fxg5 18. Bxc8 Raxc8 19. Nxg5+ Kg6 20. Nf3 Rhe8 21. Rhe1 Rxe1 22. Rxe1 Re8 23. Rxe8 Nxe8 24. Kc2 Nd6 25. Kd3 Kf5 26. Nd4+ Ke5 27. b3 b6 28. Nc6+ Kd5 29. Nxa7 Kc5 30. a4 g5 31. Nb5 Nxb5 32. axb5 Kxb5 33. Kd4 Kc6 34. g3 h5 35. f4 gxf4 36. gxf4 1-0

[Event "ROM-ch U12"]
[Site "Calimanesti"]
[Date "2014.04.10"]
[Round "6"]
[White "Clipcea, Caius Lucian"]
[Black "Cuvinciuc, Peter"]
[Result "1-0"]
[WhiteElo "1562"]
[BlackElo "1132"]
[PlyCount "45"]
[EventDate "2014.04.06"]
[EventType "swiss"]
[EventRounds "9"]
[EventCountry "ROU"]
[SourceTitle "CBM 160 Extra"]
[Source "ChessBase"]
[SourceDate "2014.07.01"]
[SourceVersion "1"]
[SourceVersionDate "2014.07.01"]
[SourceQuality "1"]

1. f4 d5 2. Nf3 e6 3. g3 Bd6 4. Bg2 f5 5. 0-0 Nf6 6. d3 Nbd7 7. Qe1 Qe7 8. Kh1 b6 9. Nbd2 Bb7 10. Nd4 0-0 11. e4 e5 12. Nxf5 Qe6 13. Nxd6 Qxd6 14. fxe5 Nxe5 15. d4 Nxe4 16. dxe5 Qxe5 17. Nf3 Qd6 18. Bf4 Qc5 19. c3 Rfe8 20. Nd4 Ba6 21. Rf3 Ng5 22. Re3 Rxe3 23. Qxe3 1-0

[Event "ROM-ch U12"]
[Site "Calimanesti"]
[Date "2014.04.09"]
[Round "5"]
[White "Clipcea, Caius Lucian"]
[Black "Radoi, Teodor Luca"]
[Result "0-1"]
[WhiteElo "1562"]
[BlackElo "1332"]
[PlyCount "80"]
[EventDate "2014.04.06"]
[EventType "swiss"]
[EventRounds "9"]
[EventCountry "ROU"]
[SourceTitle "CBM 160 Extra"]
[Source "ChessBase"]
[SourceDate "2014.07.01"]
[SourceVersion "1"]
[SourceVersionDate "2014.07.01"]
[SourceQuality "1"]

1. d4 d5 2. c4 e6 3. Nc3 Nf6 4. Bg5 Nbd7 5. e3 Be7 6. Nf3 0-0 7. Bd3 b6 8. 0-0 h6 9. Bh4 dxc4 10. Bxc4 Bb7 11. Qe2 Ne4 12. Bxe7 Qxe7 13. Rac1 Nxc3 14. Rxc3 c5 15. Rd1 cxd4 16. Rxd4 Nc5 17. Rc1 Rfd8 18. Rcd1 Rab8 19. Ne1 Rxd4 20. Rxd4 Rd8 21. Nc2 Rxd4 22. Nxd4 Qg5 23. f3 Bd5 24. Bxd5 Qxd5 25. a3 Nb3 26. Qb5 Nxd4 27. Qxd5 exd5 28. exd4 Kf8 29. Kf2 Ke7 30. Ke3 Ke6 31. g4 g6 32. h4 Kd6 33. Kf4 Ke6 34. h5 gxh5 35. g5 hxg5+ 36. Kxg5 f6+ 37. Kxh5 Kf5 38. Kh6 Kf4 39. Kg6 Kxf3 40. Kxf6 Ke4 0-1